000
00322nam a22001457a 4500
003
SGT
082
_a
614.1
_b
F14D
100
_a
DIKSHIT, P.C.
245
_a
TEXT BOOK OF FORENSIC MEDICINE & TOXICOLOGY
250
_a
2ND
260
_a
INDIA
_b
PEEPEE PUB
_c
2014
300
_a
638
650
_a
HOMOEOPATHIC
942
_2
ddc
_c
BK
999
_c
18532
_d
18532